00948 2200337 4500001002100000005001500021035002000036007000300056040001700059100002700076245006700103250001300170300003500183504002400218020002200242041000800264082000800272084001400280090002200294264003700316336002100353337003000374338002300404500002900427650001200456850001000468008004100478700004700519990002200566990002200588INLIS00000000000778420260529042151 a0010-0922000273ta aSBPUPADbind0 aAstrid R.MePengarang1 aCara Cerdas Berkembun Emas Dengan Menanam Melon /cAstrid R.M a.- cet.1 a100 hlm :bilus. ;c14 x 20 cm aBibliografi, hlm 98 a978-602-70501-6-707aind a634 a634 AST c a631.8 NSB m L18-7 a.--Depok :bVilliam Media,c2016 2rdacontentateks 2rdamediaatanpa perantara 2rdacarrieravolume aTentang Penulis, hlm 100 4aTanaman aPUPAD260529 0 0 aPemeriksa Aksara, Dylan RaytamaePengarang a29.641/B/DPK/2018 a29.642/B/DPK/2018